000
00368nam a22000977a 4500
100
_a
सचदेवा,रिचा
_9
79520
245
_a
विश्व की चर्चित कहानियां
260
_a
दिल्ली
_b
सूर्योदय प्रकाशन
_c
2015
650
_a
चिल्ड्रन बुक
_9
159
942
_c
HIN
999
_c
63157
_d
63157